La filosofía de los hindúes / (Record no. 185677)

MARC details
000 -LEADER
campo de control de longitud fija 00965nam a2200289 i 4500
001 - NÚMERO DE CONTROL
campo de control 185677
003 - IDENTIFICADOR DE NÚMERO DE CONTROL
campo de control SpMaBN
005 - FECHA Y HORA DE LA ÚLTIMA TRANSACCIÓN
campo de control 20251220214424.0
008 - DATOS DE LONGITUD FIJA--INFORMACIÓN GENERAL
campo de control de longitud fija 160802s1977 sp |||| |dspa d
020 ## - NÚMERO INTERNACIONAL ESTÁNDAR DEL LIBRO
Número Internacional Estándar del Libro 84-211-0340-7
080 ## - NÚMERO DE LA CLASIFICACIÓN DECIMAL UNIVERSAL
Número de la Clasificación Decimal Universal 1:294
080 ## - NÚMERO DE LA CLASIFICACIÓN DECIMAL UNIVERSAL
Número de la Clasificación Decimal Universal 294:1
100 1# - ENTRADA PRINCIPAL--NOMBRE DE PERSONA
Nombre de persona Glasenapp, Helmut von.
9 (RLIN) 160299
245 13 - MENCIÓN DEL TÍTULO
Título La filosofía de los hindúes /
Mención de responsabilidad, etc. Helmuth von Glasenapp ; [traducción de Fernando Tola].
250 ## - MENCION DE EDICION
Mención de edición 1ª ed.
260 ## - PUBLICACIÓN, DISTRIBUCIÓN, ETC.
Lugar de publicación, distribución, etc. Barcelona :
Nombre del editor, distribuidor, etc. Barral,
Fecha de publicación, distribución, etc. 1977.
300 ## - DESCRIPCIÓN FÍSICA
Extensión 525 p. ;
Dimensiones 20 cm.
490 1# - MENCIÓN DE SERIE
Mención de serie Series de respuesta ; 140.
-- Breve biblioteca de respuesta ;
Designación de volumen o secuencia 50
500 ## - NOTA GENERAL
Nota general Índice.
504 ## - NOTA DE BIBLIOGRAFÍA, ETC.
Nota de bibliografía, etc. Bibliografía: p. 486-502.
650 07 - PUNTO DE ACCESO ADICIONAL DE MATERIA--TÉRMINO DE MATERIA
Término de materia o nombre geográfico como elemento de entrada Filosofía hindú
Fuente del encabezamiento o término embne
9 (RLIN) 12853
650 #4 - PUNTO DE ACCESO ADICIONAL DE MATERIA--TÉRMINO DE MATERIA
Término de materia o nombre geográfico como elemento de entrada Filosofía-
Subdivisión geográfica India.
9 (RLIN) 146143
700 1# - ENTRADA AGREGADA--NOMBRE PERSONAL
Nombre de persona Tola, Fernando,
Fechas asociadas al nombre 1915-
9 (RLIN) 160300
830 0# - PUNTO DE ACCESO ADICIONAL DE SERIE-TÍTULO UNIFORME
Título uniforme Breve biblioteca de respuesta
Designación de volumen o secuencia 50
9 (RLIN) 183536
852 ## - LOCALIZACIÓN
Ubicación ES-MaACL
Número de control de estantería L-30493
Nota libre . - Donat. Miguel A. Velasco
Holdings
Estatus retirado Estado de pérdida Estado de daño No para préstamo Biblioteca de origen Biblioteca actual Ubicación en estantería Fecha de adquisición Fuente de adquisición Total de préstamos Signatura topográfica completa Código de barras Visto por última vez Precio de reemplazo Tipo de ítem Koha
        Biblioteca del Ateneo de Madrid Biblioteca del Ateneo de Madrid Depósito 2 02/08/2016     L-30493 1195727 23/02/2023 23/02/2023 Libro impreso